Piłkarze Miedzi Legnica (2026) - Statystyki

Ogólne statystyki
  • Ten quiz został rozwiązany 4 razy
  • Średni wynik to 17 z 29
Statystyki odpowiedzi
Pozycja Numer Narodowość Inf Odpowiedź % Poprawnych
NAP 95 Polska Marcel Mansfeld
100%
POM 18 Hiszpania Asier Cordoba
75%
OBR 99 Polska Bartosz Kwiecień
75%
POM 10 Chorwacja Benedik Mioc
75%
NAP 21 Polska Daniel Stanclik
75%
POM 23 Macedonia Północna Erdal Rakip
75%
POM 11 Białoruś wyp, mło Gleb Kuchko
75%
BR 72 Austria Ivan Lucić
75%
POM 8 Polska Jakub Serafin
75%
BR 42 Polska Jakub Wrąbel
75%
POM 98 Polska Kamil Antonik
75%
POM 14 Polska Kamil Drygas
75%
OBR 25 Niemcy Lennart Czyborra
75%
OBR 3 Polska Mateusz Grudziński
75%
OBR 15 Austria Milos Jovicić
75%
POM 80 Bośnia i Hercegowina Zvonimir Petrović
75%
OBR 5 Bośnia i Hercegowina Adnan Kovačević
50%
OBR 78 Polska wyp Cezary Polak
50%
POM 6 Polska Jacek Podgórski
50%
POM 27 Polska Juliusz Letniowski
50%
POM 7 Polska Mateusz Bochnak
50%
POM 49 Polska mło Oliwier Szymoniak
50%
OBR 59 Polska Patryk Stępiński
50%
BR 33 Polska mło Franciszek Chojak
25%
OBR 17 Polska mło Igor Maliszewski
25%
POM 51 Polska mło Marceli Żwan
25%
NAP 20 Polska wyp, mło Mateusz Kowalski
25%
NAP 91 Gambia Modou Keita
25%
POM 88 Polska mło Szymon Pączek
25%
Nie znaleziono quizów pasujących do podanych kryteriów
Rozkład punktacji
Procent ludzi z każdym wynikiem
Percentyl według liczby udzielonych odpowiedzi
Twoja historia wyników
Nie rozwiązałeś tego quizu